1955 1876 1384 1418 1844 1384 1268 1611 1744 1337 1791 1055 1026 1760 1798 1513 1377 1256 1044 1902 1510 1058 1306 1312 1041 1974 1228 1027 1865 1008 1092 1414 1910 1230 1345 1843 1419 1633 1570 1776 1595 1442 1779 1077 1257 1305 1607 1819 1390 1470 1181 1590 1213 1325 1167 1393 1850 1586 1305 1271 1750 1912 1296 1873 1779 1421 1655 1561 1233 1651 1987 1163 1880 1464 1413 1748 1312 1520 1390 1295 1736 1129 1728 1258 1577 1361 1954 1400 1275 1019 1601 1852 1427 1521 1764 1987 1533 1890 1807 BCNSPRNW ULIB Ver.6.0+V

เปลี่ยนเป็นภาษาไทย

Change to English
 แสดงรายละเอียดบรรณานุกรม
  กลับหน้าหลัก

Brief Record : Get Marc (ISO 2709) : E-mail record : QR code < ปิดหน้าต่าง
LEADER : 00000nam 2200000uu 4500
001    13399110024
003     ULIB
008    110420s2551||||th 000 0 tha d
020    9789747878554
060 04 WG300^bศ322ว 2551
100 0  ศักดิ์ บวร
245 10 50 วิธีปฏิบัติตนเมื่อคุณเป็นโรคหัวใจ /^cศักดิ์ บวร
250    พิมพ์ครั้งที่ 2
260    กรุงเทพฯ :^bสมิต,^c2551
300    176 หน้า
650  7 โรคหัวใจ
945    ^p105^l0^i027192
945    ^p105^l0^i027191
995    ทศพร
999 ^a ใช้งานได้ทุกระบบ
รายการนี้ยังไม่มีแท็ก
คุณยังไม่ได้ล็อกอิน คุณสามารถมีกิจกรรมร่วมกับเว็บไซต์ได้ แต่ต้องล็อกอินก่อน ::
  ล็อกอิน

รายการสื่อสารสนเทศ

ลำดับที่ ประเภท เลขเรียก/บาร์โค้ด สถานที่ สถานะ
- ไม่พบข้อมูล -

รายการใกล้เคียง
    ผู้แต่ง [ศักดิ์ บวร]

    หัวเรื่อง [โรคหัวใจ]

BibComment


ยังไม่เคยถูกคอมเมนท์

คอมเมนท์ทรัพยากรรายการนี้
  คอมเมนท์: 50 วิธีปฏิบัติตนเ..


 Copyright 2026. Bcnsprnw @Library